| 000 | 01117nac a22003737a 4500 | ||
|---|---|---|---|
| 001 | BR8203300 | ||
| 003 | BR-BrBNA | ||
| 005 | 20240105115343.0 | ||
| 008 | 230509b bl.|||m| |||| 00| 0 por d | ||
| 040 |
_aBR-BrBNA _bpor _cBiblioteca Nacional de Agricultura |
||
| 072 | _aF25 | ||
| 090 | _a3810 BR8203300 | ||
| 100 | 1 | _aMalavolta, E. | |
| 100 | 1 | _aUsherwood, N.R. | |
| 110 | 1 |
_aInstituto da Potassa e Fosfato, Piracicaba, SP (Brasil) _95965 |
|
| 245 | 1 | _aAdubos e adubacao potassica [fertilizante] | |
| 250 | 1 | _a4. ed. | |
| 260 | 3 |
_aPiracicaba, SP (Brasil): _c1982. |
|
| 300 | _a56 p. | ||
| 490 |
_aBoletim Tecnico - Instituto da Potassa e Fosfato (Brazil) _vno. 3 _x |
||
| 500 | _a16 tables; 10 graphs; 37 ref.; Summary (En) | ||
| 650 | _aPOTASSIO | ||
| 650 | _aADUBO | ||
| 650 | _aADUBACAO | ||
| 650 | _aFOSFATO DE POTASSIO | ||
| 650 | _aNITRATO DE POTASSIO | ||
| 650 | _aCLORETO DE POTASSIO | ||
| 650 | _aPROPRIEDADE QUIMICA | ||
| 650 | _aPRODUCAO | ||
| 650 | _aABSORCAO | ||
| 650 | _aFIXACAO DE POTASSIO | ||
| 909 |
_a202312 _bLúcia Elande _c55 _dLúcia Elande |
||
| 942 |
_2AGRIS _n0 _cMS |
||
| 999 |
_c274442 _d274442 |
||